000 00717nam a2200241Ia 4500
003 OSt
005 20220926030415.0
006 a|||||r|||| 00| 0
007 ta
008 220923b |||||||| |||| 00| 0 eng d
037 _cGeneral Book
040 _aRTL
_cRTL
_beng
041 _2eng
_aeng
082 _aT4.73.N6, K9
100 _aKaysen Carl
_9334235
245 0 _aHigher learning, the universities and the public
260 _aPrinceton
_bN J Princeton University Press U S A
_c1969
300 _a85p
_ccm.
490 _aStafford liffle lectures,Princeton University 1968
650 _aUniversity Education
942 _hT4.73.N6, K9
_cGB
_2CC
999 _c649648
_d649648